[Event "Division Honor Grupo II"]
[Site ""]
[Date "2011.02.12"]
[Round "2.31"]
[White "Castillo Sanjuan Alejandro"]
[Black "Galve Guinea Alejandro"]
[Result "1-0"]
[WhiteElo "1967"]
[BlackElo "2031"]

1.e4 Nf6 2.e5 Nd5 3.c4 Nb6 4.d4 d6 5.f4 dxe5 6.fxe5 Bf5 7.Be3 e6 8.Nf3 Nc6 9.
Be2 Be7 10.O-O O-O 11.Nc3 f6 12.Nh4 fxe5 13.Nxf5 exf5 14.d5 Nd4 15.Bxd4 exd4
16.Qxd4 Nd7 17.Qd2 Bc5+ 18.Kh1 Ne5 19.Na4 Be7 20.Rad1 Qd7 21.Qc2 g6 22.c5 Bf6
23.Nc3 b6 24.Bb5 Qg7 25.d6 bxc5 26.dxc7 Qxc7 27.Nd5 Qc8 28.Rfe1 Ng4 29.h3 Nh6
30.Bd7 Qb7 31.Qxc5 Qxb2 32.Nc7 Rab8 33.Ne6 Qb6 34.Qc4 Qb4 35.Qd3 Qc3 36.Qd6
Qb4 37.Qc6 Qb6 38.Qc1 Nf7 39.Nxf8 Rxf8 40.Re6 Qb2 41.Qc4 Kg7 42.Rde1 Ng5 43.
Ra6 Qf2 44.Rf1 Qe3 45.Bc6 Be5 46.Qb3 Qc5 47.Rd1 Ne4 48.Bxe4 fxe4 49.Qb7+ Rf7
50.Qxe4 Qb5 51.Qd3 Qc5 52.Ra4 Qb6 53.Re4 Bf6 54.Qe3 Qa5 55.Qe2 Qc5 56.Rf4 Qb6
57.Rdf1 Qd6 58.g4 g5 59.Rf5 Qc6+ 60.Qg2 Qd6 61.Rd5 Qb6 62.Qf3 Qb2 63.Rf2 Qc1+
64.Kg2 Qe1 65.Rxg5+ Kh6 66.Rh5+ 1-0

[Event "Division Honor Grupo II"]
[Site ""]
[Date "2011.02.12"]
[Round "2.32"]
[White "Requena Munguira Jorge"]
[Black "Jimenez Fernandez Alejandro"]
[Result "1-0"]
[WhiteElo "1983"]
[BlackElo "1966"]

1.d4 f5 2.c4 Nf6 3.Nc3 e6 4.Nf3 d5 5.Bf4 c6 6.e3 Be7 7.Bd3 O-O 8.h3 Ne4 9.Qc2
Nd7 10.O-O Qe8 11.Rab1 g5 12.Bxe4 dxe4 13.Nxg5 Qg6 14.h4 h6 15.Nh3 Bxh4 16.f3
exf3 17.Rxf3 Nf6 18.Rbf1 Kh7 19.Nf2 Bxf2+ 20.Qxf2 Nh5 21.Ne2 Bd7 22.Qh4 Rg8
23.R1f2 Rg7 24.Rh3 Nxf4 25.Nxf4 Qg5 26.Qxg5 Rxg5 27.Rff3 Rag8 28.Rh2 Rg3 29.
Kf2 Rxf3+ 30.Kxf3 Rc8 31.b4 a5 32.a3 axb4 33.axb4 Ra8 34.g3 Ra1 35.Rb2 Kg7 36.
Nd3 Rf1+ 37.Kg2 Ra1 38.Ne5 Be8 39.Nd3 Kf6 40.c5 Ra3 41.Rd2 Rb3 42.Kf2 Rb1 43.
Rb2 Rxb2+ 44.Nxb2 e5 45.Nc4 exd4 46.exd4 Ke6 47.Nd6 Bh5 48.Nxb7 Kd5 49.Ke3 Kc4
50.Nd6+ Kxb4 51.Nxf5 Kc4 52.Nxh6 Kd5 53.g4 Bg6 54.Nf5 Ke6 55.Kf4 Bf7 56.g5 Bg6
57.Nh4 Bh5 58.Ke4 Bd1 59.Ng2 Bc2+ 60.Kf4 Bb1 61.Ne3 Bd3 62.Ng4 Kd5 63.Ke3 Bg6
64.Ne5 Bc2 65.g6 Bb1 66.g7 Bh7 67.Nd7 Ke6 68.Nf8+ 1-0

[Event "Preferente Grupo I"]
[Site ""]
[Date "2011.02.12"]
[Round "2.33"]
[White "Colas Longares Rafael P"]
[Black "Colom Sienes Eduardo"]
[Result "1-0"]
[WhiteElo "2302"]
[BlackElo "2026"]

1.g3 e5 2.Bg2 d5 3.d3 Nc6 4.Nf3 h6 5.c4 dxc4 6.Qa4 Bd7 7.Qxc4 Nf6 8.O-O Bd6 9.
a3 O-O 10.b4 a6 11.Bb2 Be6 12.Qc2 Qd7 13.Re1 Bh3 14.Bh1 Ng4 15.Nbd2 f5 16.Rad1
Rae8 17.Nc4 e4 18.Nxd6 cxd6 19.Nd4 f4 20.dxe4 fxg3 21.Qb3+ Kh7 22.Qxg3 Nxf2
23.Nf5 Nxd1 24.Rxd1 Bxf5 25.exf5 Rxe2 26.Qg6+ 1-0

[Event "Preferente Grupo I"]
[Site ""]
[Date "2011.02.12"]
[Round "2.34"]
[White "Sanmartin Agustin Alvaro"]
[Black "Garcia Vicente Nieves"]
[Result "0-1"]
[WhiteElo "1994"]
[BlackElo "2220"]

1.e4 e5 2.Nf3 Nc6 3.d4 exd4 4.Bc4 Nf6 5.e5 d5 6.Bb5 Ne4 7.Nxd4 Bc5 8.Be3 Bd7
9.Bxc6 bxc6 10.Nd2 Qh4 11.Nxe4 Qxe4 12.Qd3 Qxe5 13.O-O-O O-O 14.f4 Qf6 15.g4
Rfe8 16.f5 Re4 17.h4 Rae8 18.g5 Qe5 19.Bg1 Qf4+ 20.Kb1 Qg4 21.f6 Re1 22.Bf2
Rxh1 23.Rxh1 Qg2 24.Qf1 Qe4 25.Nxc6 Bxf2 26.Ne7+ Kh8 27.Rg1 Bd4 28.h5 Be6 29.
g6 Bxf6 30.Qxf6 fxg6 31.hxg6 Bf5 32.Qxf5 Qxe7 33.a3 Qe5 34.Qxe5 Rxe5 35.gxh7
Kxh7 36.Kc1 g5 37.Rg4 c5 38.c4 Kg6 39.cxd5 Rxd5 40.Ra4 Rd7 41.Ra6+ Kf5 42.Ra5
Rc7 43.Kd2 Ke4 44.b4 g4 45.bxc5 Kf3 46.c6 g3 47.Ke1 Rxc6 48.Rxa7 {Tiempo} 0-1

[Event "Preferente Grupo I"]
[Site ""]
[Date "2011.02.12"]
[Round "2.35"]
[White "Cabrera Moreno Daniel"]
[Black "Sacristan Latorre Alberto"]
[Result "1/2-1/2"]
[WhiteElo "2193"]
[BlackElo "1959"]

1.e4 c5 2.Nf3 d6 3.d4 cxd4 4.Nxd4 Nf6 5.Nc3 a6 6.f3 e5 7.Nb3 Be6 8.Be3 Be7 9.
Qd2 Nbd7 10.g4 b5 11.g5 Nh5 12.O-O-O Nb6 13.Nd5 Bxd5 14.exd5 Rc8 15.Bxb6 Qxb6
16.Bd3 b4 17.Kb1 O-O 18.h4 a5 19.Bf5 Rc7 20.Rh2 a4 21.Nc1 Rc3 22.Ne2 Rc4 23.
Bxh7+ Kh8 24.Bd3 Rc5 25.Bf5 b3 26.cxb3 axb3 27.a3 g6 28.Be4 Rfc8 29.Nc3 Qa7
30.Rc1 Bd8 31.Qf2 Bb6 32.Qf1 Ba5 33.Ne2 Bd2 34.Rxc5 Qxc5 35.Qd1 Qe3 36.Rh1 Nf4
37.Nxf4 Rc1+ 38.Qxc1 Bxc1 39.Nxg6+ fxg6 40.Rxc1 Qf2 41.Rc3 Qe1+ 42.Rc1 Qxh4
43.Bxg6 Qxg5 44.Be4 Qe3 45.Rc3 Qe1+ 46.Rc1 Qe3 1/2-1/2

[Event "Preferente Grupo I"]
[Site ""]
[Date "2011.02.12"]
[Round "2.36"]
[White "Gomez Salinas Nestor"]
[Black "Cid Royo Oscar"]
[Result "1-0"]
[WhiteElo "1845"]
[BlackElo "2083"]

1.e4 c6 2.d4 d5 3.Nc3 dxe4 4.Nxe4 Bf5 5.Ng3 Bg6 6.h4 h6 7.Nf3 Nd7 8.h5 Bh7 9.
Bd3 Bxd3 10.Qxd3 Qc7 11.b3 Ngf6 12.c4 e6 13.Qe3 Bd6 14.Nf5 Bb4+ 15.Bd2 Bxd2+
16.Nxd2 O-O-O 17.Ng3 c5 18.dxc5 Nxc5 19.Nde4 Ncxe4 20.Nxe4 Qa5+ 21.Qc3 Qxc3+
22.Nxc3 Rd3 23.Rc1 Rhd8 24.Rh4 a6 25.Rd1 Rxc3 26.Rxd8+ Kxd8 27.Kd2 Rxc4 28.
bxc4 Kd7 29.f3 Kd6 30.Kd3 Nd7 31.Rd4+ Ke7 32.Kc3 e5 33.Rd1 Ke6 34.Rb1 b6 35.
Kd3 f5 36.Ke3 f4+ 37.Kf2 Kd6 38.Rd1+ Kc6 39.g3 Nf6 40.gxf4 exf4 41.Re1 Nxh5
42.Re6+ Kc7 43.Rg6 b5 44.cxb5 axb5 45.Ke2 Kb7 46.Re6 Nf6 47.Re7+ Kb6 48.Rxg7
1-0

[Event "Preferente Grupo I"]
[Site ""]
[Date "2011.02.12"]
[Round "2.37"]
[White "Lana Rodriguez David"]
[Black "Garcia Lainez Jose Enrique"]
[Result "1-0"]
[WhiteElo "2227"]
[BlackElo "2116"]

1.d4 Nf6 2.Nf3 g6 3.Nc3 d6 4.e4 Bg7 5.h3 O-O 6.Be2 c5 7.dxc5 dxc5 8.e5 Nfd7 9.
Bg5 h6 10.Bh4 Nc6 11.Qd2 Ndxe5 12.Nd5 Nxf3+ 13.Bxf3 Bxb2 14.Rd1 g5 15.c3 gxh4
16.Qxb2 e6 17.Ne3 Qg5 18.O-O f5 19.Nc4 f4 20.Rfe1 Rf5 21.Nd6 Ne5 22.Qe2 Nxf3+
23.Qxf3 Re5 24.Ne4 Qf5 25.Rd8+ Kg7 26.Kh2 Qg6 27.Qxf4 Rf5 28.Qc7+ Rf7 29.Qe5+
1-0

[Event "Preferente Grupo I"]
[Site ""]
[Date "2011.02.12"]
[Round "2.38"]
[White "Sierra Diego Vicente"]
[Black "Aparicio Navarro Pedro Jose"]
[Result "0-1"]
[WhiteElo "1901"]
[BlackElo "2179"]

1.f4 e5 2.fxe5 d6 3.exd6 Bxd6 4.Nf3 g5 5.g3 g4 6.Nh4 Ne7 7.e4 Ng6 8.Ng2 Nc6 9.
c3 Qe7 10.Bb5 Qxe4+ 11.Qe2 Qxe2+ 12.Kxe2 Bd7 13.d4 Nxd4+ 14.cxd4 Bxb5+ 15.Kf2
O-O-O 16.Nc3 Bc6 17.Be3 Ne7 18.Rhf1 Nf5 19.d5 Nxe3 20.Nxe3 Bd7 21.Ne4 Be5 22.
Nc3 Bd4 23.Rad1 Bb6 24.Rfe1 Rhe8 25.Rd3 Bf5 26.Rd2 Re5 27.a3 Rde8 28.Nd1 Kd7
29.b4 a5 30.a4 axb4 31.Rb2 Rxd5 32.Rb3 Bc2 33.Rb2 Bxd1 0-1

[Event "Preferente Grupo I"]
[Site ""]
[Date "2011.02.12"]
[Round "2.39"]
[White "Munoz Munoz Juan Carlos"]
[Black "Casado Gonzalez Manuel"]
[Result "1-0"]
[WhiteElo "2103"]
[BlackElo "1894"]

1.d4 d5 2.Nf3 Bf5 3.g3 Nc6 4.Bg2 Nf6 5.O-O e6 6.c4 g6 7.Nc3 Ne4 8.cxd5 Nxc3 9.
bxc3 exd5 10.Qb3 Na5 11.Qa4+ Nc6 12.Ne5 Bd7 13.Nxd7 Qxd7 14.Qb5 O-O-O 15.Rb1
b6 16.Bg5 Be7 17.Bxe7 Nxe7 18.Qa6+ Kb8 19.c4 Qc8 20.Qa3 Qd7 21.Rfc1 h5 22.cxd5
Nxd5 23.Rc5 Ne7 24.Ra5 Nc8 25.Rd5 Qe7 26.Qf3 c6 27.Rxd8 Rxd8 28.Qxc6 Nd6 29.
Qa8+ 1-0

[Event "Preferente Grupo I"]
[Site ""]
[Date "2011.02.12"]
[Round "2.40"]
[White "Gargallo Serrano David"]
[Black "Prat Guisado Christian"]
[Result "0-1"]
[WhiteElo "1812"]
[BlackElo "2055"]

1.d4 Nf6 2.c4 g6 3.Nc3 Bg7 4.e4 d6 5.f4 O-O 6.Nf3 Bg4 7.Be2 Nc6 8.O-O Bxf3 9.
Bxf3 e5 10.Ne2 exd4 11.Nxd4 Nxd4 12.Qxd4 Re8 13.Qd3 Nd7 14.Rb1 Nc5 15.Qc2 Qe7
16.e5 dxe5 17.b4 e4 18.Be3 exf3 19.Bxc5 Qe2 20.Rf2 Qxc2 21.Rxc2 fxg2 22.Kxg2
Rad8 23.b5 Bd4 24.Bb4 Re4 25.Rf1 Rde8 26.Kf3 Re3+ 27.Kg4 Bf6 28.a4 h5# 0-1

[Event "Preferente Grupo I"]
[Site ""]
[Date "2011.02.12"]
[Round "2.41"]
[White "Andres Terrado Miguel Angel"]
[Black "Dominguez Bujeda Jesus"]
[Result "1-0"]
[WhiteElo "2062"]
[BlackElo "2138"]

1.Nf3 d5 2.g3 Nf6 3.Bg2 Bg4 4.O-O Nbd7 5.d4 e6 6.Bg5 Be7 7.Nbd2 O-O 8.c4 c6 9.
Qb3 Qb6 10.Ne5 Rfe8 11.Nxd7 Nxd7 12.Bxe7 Rxe7 13.e3 Bf5 14.Rfe1 Nf6 15.h3 Rae8
16.Qc3 e5 17.dxe5 Rxe5 18.cxd5 cxd5 19.Qb3 Qa5 20.Nf3 R5e7 21.Rac1 Be4 22.Qc3
Qxa2 23.Ra1 Qc4 24.Qxc4 dxc4 25.Rxa7 g6 26.Nd4 Bxg2 27.Kxg2 Rd7 28.Rc1 Rc8 29.
Ra4 b5 30.Nxb5 Rb8 31.Nd4 Rxb2 32.Raxc4 Ne4 33.R1c2 Rxc2 34.Rxc2 h5 35.f4 Kg7
36.g4 hxg4 37.hxg4 Ra7 38.Kf3 Nf6 39.Rd2 Ra3 40.Nc6 Rc3 41.Ne5 Rc7 42.Rd8 g5
43.fxg5 Nh7 44.Kf4 Nf8 45.Rd5 Ne6+ 46.Kf5 Rc1 47.Nf3 Rf1 48.Ke4 Ra1 49.Nd4 Ra4
50.Kf5 Ra3 51.e4 Nf8 52.e5 Rd3 53.Ke4 Rg3 54.Nf5+ 1-0

[Event "Preferente Grupo I"]
[Site ""]
[Date "2011.02.12"]
[Round "2.42"]
[White "Martin Catalan Juan Vicente"]
[Black "Dominguez Luzon Fernando"]
[Result "1-0"]
[WhiteElo "2095"]
[BlackElo "2006"]

1.c4 Nf6 2.Nc3 e6 3.d4 Bb4 4.Bf4 c5 5.e3 cxd4 6.exd4 O-O 7.Nf3 d5 8.Bd3 b6 9.
O-O dxc4 10.Bxc4 Bb7 11.Ne5 Nc6 12.Nxc6 Bxc6 13.Qd3 Nd5 14.Bxd5 Bxd5 15.Ne4
Be7 16.Rfe1 Rc8 17.Be5 h6 18.Re3 Bxe4 19.Qxe4 Bf6 20.Rg3 Qe7 21.h4 Rfd8 22.h5
Rc4 23.Qe3 Bxe5 24.dxe5 Kf8 25.Rc1 Rcd4 26.Qb3 Qh4 27.Rgc3 Rd2 28.g3 Qxh5 29.
Rc8 Qxe5 30.Qb4+ 1-0

[Event "Preferente Grupo I"]
[Site ""]
[Date "2011.02.12"]
[Round "2.43"]
[White "Garcia Valer Jesus"]
[Black "Gil Pineiro David"]
[Result "0-1"]
[WhiteElo "1926"]
[BlackElo "1948"]

1.e4 c5 2.Nc3 g6 3.f4 Bg7 4.Nf3 e6 5.Bc4 Ne7 6.O-O O-O 7.d3 d5 8.Bb3 Nbc6 9.
Qe1 Rb8 10.a4 a6 11.Qh4 Nd4 12.Nxd4 cxd4 13.Ne2 dxe4 14.dxe4 Nc6 15.Qg3 Qc7
16.Kh1 Na5 17.f5 Qxg3 18.Nxg3 Nxb3 19.cxb3 Be5 20.Bf4 Bxf4 21.Rxf4 e5 22.Rf2
Bd7 23.Raf1 Rbc8 24.h4 b5 25.h5 bxa4 26.bxa4 Bxa4 27.hxg6 hxg6 28.fxg6 fxg6
29.Rf6 Rxf6 30.Rxf6 Rc6 31.Rf2 Bb5 32.Kh2 Kg7 33.Ne2 Rc2 0-1

[Event "Preferente Grupo I"]
[Site ""]
[Date "2011.02.12"]
[Round "2.44"]
[White "Barcena Laguia Francisco"]
[Black "Naya Sancho Juan Manuel"]
[Result "1/2-1/2"]
[WhiteElo "1915"]
[BlackElo "1896"]

1.d4 d5 2.Nf3 e6 3.Bf4 c5 4.c3 Nc6 5.e3 Nf6 6.Bd3 Be7 7.O-O Bd7 8.Nbd2 O-O 9.
Ne5 Rc8 10.Qf3 Ne8 11.Qh3 f5 12.Ndf3 Nxe5 13.Bxe5 Qb6 14.Rab1 Bb5 15.Bxb5 Qxb5
16.dxc5 Qxc5 17.Nd4 Qb6 18.g4 g6 19.Qg2 Bf6 20.Qg3 fxg4 21.f3 Ng7 22.fxg4 Bxe5
23.Qxe5 Rce8 24.Rf2 Rxf2 25.Kxf2 Rf8+ 26.Kg3 Rf7 27.h4 Qd8 28.Re1 Qf6 29.Qxf6
Rxf6 30.e4 dxe4 31.Rxe4 Kf7 32.Rf4 e5 33.Rxf6+ Kxf6 34.Nb5 1/2-1/2

[Event "Preferente Grupo I"]
[Site ""]
[Date "2011.02.12"]
[Round "2.45"]
[White "Donoso Sanchez Alejandro"]
[Black "Jaques Burguete Raul"]
[Result "1-0"]
[WhiteElo "2187"]
[BlackElo "2027"]

1.e4 Nc6 2.d4 d5 3.e5 f6 4.f4 Bf5 5.c3 e6 6.Bd3 Bxd3 7.Qxd3 f5 8.Nf3 Be7 9.O-O
Nh6 10.Kh1 Nf7 11.Be3 g5 12.fxg5 Bxg5 13.Nbd2 Qe7 14.Nxg5 Nxg5 15.Bxg5 Qxg5
16.Nb3 Rg8 17.Rf2 Rg6 18.Qb5 Qh4 19.Raf1 Rb8 20.Nc5 Kd8 21.Nxe6+ Rxe6 22.Rxf5
Qe4 23.R5f4 a6 24.Qc5 Qg6 25.Rf8+ Re8 26.Qxd5+ Kc8 27.e6 1-0

[Event "Preferente Grupo I"]
[Site ""]
[Date "2011.02.12"]
[Round "2.46"]
[White "Cebollada Pacheco Jesus Raul"]
[Black "Sanmiguel Mateo Luis"]
[Result "1/2-1/2"]
[WhiteElo "1999"]
[BlackElo "1950"]

1.e4 c6 2.d4 d5 3.Nc3 dxe4 4.Nxe4 Nd7 5.Ng5 Ngf6 6.Bd3 Nb6 7.N1f3 Bg4 8.h3
Bxf3 9.Nxf3 e6 10.O-O Be7 11.Re1 O-O 12.c3 c5 13.Qe2 Nbd5 14.dxc5 Bxc5 15.Bg5
h6 16.Bd2 Nh5 17.Red1 Ndf4 18.Bxf4 Nxf4 19.Qe4 Nxd3 20.Rxd3 Qb6 21.Qe2 Rad8
22.Rad1 Rxd3 23.Rxd3 Rd8 24.Rxd8+ Qxd8 25.a3 Qb6 26.Ne5 Qc7 27.Nd3 Be7 28.Qe3
b6 29.Qe4 g6 30.c4 a5 31.b4 axb4 32.axb4 1/2-1/2

[Event "Preferente Grupo I"]
[Site ""]
[Date "2011.02.12"]
[Round "2.47"]
[White "Serrano San Nicolas Angel"]
[Black "Alvarez Gonzalo Miguel Angel"]
[Result "1-0"]
[WhiteElo "1940"]
[BlackElo "1995"]

1.e4 c5 2.Nf3 d6 3.b4 Nf6 4.bxc5 Nxe4 5.cxd6 e6 6.c3 Qa5 7.Na3 Nxd6 8.Rb1 Nc6
9.Qc2 Be7 10.Bd3 g6 11.O-O O-O 12.Re1 a6 13.Bf1 e5 14.d3 Bg4 15.Nd2 Rac8 16.
Nac4 Nxc4 17.Nxc4 Qc7 18.Nb6 Rcd8 19.Qa4 Bf5 20.Qc4 Be6 21.Qa4 Bc5 22.Be3 Bxe3
23.Rxe3 Na7 24.c4 Rd4 25.Qa5 f6 26.Qa3 Rfd8 27.Qb2 R8d6 28.Na8 Qc5 29.Qxb7 Nc6
30.Nc7 Na5 31.Qb8+ Rd8 32.Nxe6 1-0

[Event "Preferente Grupo I"]
[Site ""]
[Date "2011.02.12"]
[Round "2.48"]
[White "Solanas Godes Beatriz"]
[Black "Juni Pardos Marcos"]
[Result "0-1"]
[WhiteElo "1880"]
[BlackElo "1881"]

1.e4 d5 2.exd5 Qxd5 3.Nc3 Qa5 4.d4 Nf6 5.Bd2 c6 6.Nf3 Bg4 7.h3 Bf5 8.Ne4 Qc7
9.Nxf6+ exf6 10.Nh4 Be6 11.Bd3 g6 12.Qe2 Bg7 13.O-O O-O 14.Rfe1 Nd7 15.f4 f5
16.Qf2 Nf6 17.Nf3 Bd5 18.c4 Be4 19.Bf1 Bxf3 20.Qxf3 Ne4 21.Be3 Rad8 22.Red1
Rd7 23.Rd3 Qb6 24.Rb3 Qa5 25.Ra3 Qb4 26.Rb3 Qa4 27.Ra3 Qc2 28.Qe2 Qxe2 29.Bxe2
Bxd4 30.Bxd4 Rxd4 31.Rxa7 Rd2 32.Bf3 Rxb2 33.a4 Nd2 34.Be2 Nb3 35.Ra3 Nc5 36.
Re3 Ne6 37.g3 Rd8 38.a5 Rdd2 39.Bf1 Nd4 40.a6 bxa6 41.Rxa6 Rd1 42.Ra8+ Kg7 43.
Rae8 Rbb1 44.Rd8 Rxf1+ 45.Kg2 c5 46.Ree8 Rfc1 0-1

[Event "Preferente Grupo I"]
[Site ""]
[Date "2011.02.12"]
[Round "2.49"]
[White "Pes Mateo Angel"]
[Black "Malo Guillen Jose Luis"]
[Result "0-1"]
[WhiteElo "2052"]
[BlackElo "2183"]

1.d4 Nf6 2.Nf3 g6 3.Bf4 Bg7 4.h3 O-O 5.e3 d6 6.Be2 Nbd7 7.O-O Qe8 8.Re1 e5 9.
Bh2 Qe7 10.c4 Ne4 11.Nbd2 Nxd2 12.Nxd2 exd4 13.Bg4 d3 14.Bxd7 Bxd7 15.Qb3 Bc6
16.Rab1 Qg5 17.f3 Bd7 18.Kh1 Bf5 19.f4 Qh4 20.e4 Bc8 21.Qxd3 b6 22.b3 Bb7 23.
Rbd1 Rae8 24.Re2 Bh6 25.Rf1 f5 26.exf5 Rxe2 27.Qxe2 Qxh3 28.fxg6 Bxf4 29.Rxf4
Rxf4 30.Kg1 Qg4 31.gxh7+ Kxh7 0-1

[Event "Preferente Grupo I"]
[Site ""]
[Date "2011.02.12"]
[Round "2.50"]
[White "Alonso Blasco Jose Miguel"]
[Black "Forcen Esteban Victor"]
[Result "1-0"]
[WhiteElo "2130"]
[BlackElo "1945"]

1.e4 c5 2.Nf3 d6 3.Bb5+ Bd7 4.Bxd7+ Nxd7 5.O-O Ngf6 6.Re1 g6 7.c3 Bg7 8.d4
cxd4 9.cxd4 Qb6 10.Nc3 Rd8 11.Qe2 O-O 12.Be3 Qc7 13.Rac1 Qa5 14.h3 Rc8 15.Qd2
Nb6 16.Nd5 Qxd2 17.Nxe7+ Kh8 18.Nxd2 Rxc1 19.Rxc1 Re8 20.Rc7 Bf8 21.Nd5 Nfxd5
22.exd5 Nxd5 23.Rxf7 Nxe3 24.fxe3 Bh6 25.Nf1 Bxe3+ 26.Nxe3 Rxe3 27.Rxb7 Re2
28.a3 Rd2 29.b4 Rxd4 30.Rxa7 Rc4 31.b5 Rc1+ 32.Kf2 Rb1 33.a4 Rb4 34.Ke3 Kg8
35.Kd3 h5 36.Kc3 Rb1 37.Rd7 g5 38.Rxd6 Kf7 39.Rd2 Ke6 40.Rb2 Rc1+ 41.Kd4 Rd1+
42.Ke3 Rd8 43.b6 Rb8 44.a5 Kd6 45.a6 Kc6 46.b7 1-0

[Event "Preferente Grupo I"]
[Site ""]
[Date "2011.02.12"]
[Round "2.51"]
[White "Sarrio Bambo Pablo"]
[Black "Mombiela de Sus Jose Luis"]
[Result "0-1"]
[WhiteElo "1885"]
[BlackElo "2018"]

1.e4 d5 2.exd5 Nf6 3.Nc3 g6 4.Bc4 Nbd7 5.d3 Nb6 6.Bb3 Nbxd5 7.Nge2 Bg7 8.Bg5
c6 9.Qd2 h6 10.Bh4 b5 11.O-O-O b4 12.Na4 a5 13.Rhe1 Ba6 14.Nd4 Bb5 15.Bxd5
Qxd5 16.Qe3 O-O 17.Nb6 Qxa2 18.Nxa8 Nd5 19.Qe4 Nc3 0-1

[Event "Preferente Grupo I"]
[Site ""]
[Date "2011.02.12"]
[Round "2.52"]
[White "Artal Alegria Francisco Javier"]
[Black "Anton Caturla Sergio"]
[Result "1-0"]
[WhiteElo "1972"]
[BlackElo "1855"]

1.d4 d5 2.Nf3 c6 3.e3 e6 4.Bd3 Nf6 5.Nbd2 Nbd7 6.O-O g6 7.Qe2 Bg7 8.e4 dxe4 9.
Nxe4 Nxe4 10.Qxe4 Nf6 11.Qh4 h6 12.b3 Qd5 13.Ba3 b6 14.Rad1 Qa5 15.Bd6 g5 16.
Qg3 Nh5 17.Qh3 Nf6 18.Ne5 Bb7 19.Bg6 Qd5 20.Bxf7+ Kd8 21.Bxe6 1-0

[Event "Preferente Grupo II"]
[Site ""]
[Date "2011.02.12"]
[Round "2.53"]
[White "Ansola Marquinez Alberto"]
[Black "Bach Guillamon Francisco"]
[Result "1-0"]
[WhiteElo "2090"]
[BlackElo "2021"]

1.Nc3 d5 2.e4 dxe4 3.Nxe4 Bf5 4.Ng3 Bg6 5.Nf3 e6 6.h4 h6 7.Ne5 Ne7 8.Nxg6 Nxg6
9.h5 Ne5 10.d4 Ned7 11.Qf3 c6 12.Bd3 Nf6 13.Be3 Nbd7 14.O-O-O Nd5 15.Bd2 Be7
16.c4 Nb4 17.Bxb4 Bxb4 18.d5 cxd5 19.cxd5 exd5 20.Qxd5 O-O 21.Qe4 1-0

[Event "Preferente Grupo II"]
[Site ""]
[Date "2011.02.12"]
[Round "2.54"]
[White "Munoz Suarez Luis Alberto"]
[Black "Garcia Asenjo Antonio"]
[Result "1/2-1/2"]
[WhiteElo "1967"]
[BlackElo "2017"]

1.e4 c5 2.Nf3 Nc6 3.d4 cxd4 4.Nxd4 Nf6 5.Nc3 d6 6.Bc4 e6 7.Bb3 Be7 8.Be3 a6 9.
f3 Bd7 10.g4 h6 11.Nxc6 Bxc6 12.Qe2 Qa5 13.O-O-O O-O-O 14.Kb1 Nd7 15.Bd4 Rhg8
16.f4 Nc5 17.f5 Nxb3 18.axb3 Bf6 19.Rhe1 b5 20.Bf2 Rd7 21.Qe3 Qc7 22.Bg3 Rgd8
23.h4 Bb7 24.g5 hxg5 25.hxg5 Be5 26.Bxe5 dxe5 27.fxe6 fxe6 28.Rxd7 Rxd7 29.Rd1
Rxd1+ 30.Nxd1 Qd6 31.Nc3 Qd4 32.Qf3 Qg1+ 33.Ka2 Qxg5 34.Qf8+ Kd7 35.Qb8 Kc6
36.Qe8+ Kd6 37.Qb8+ Kc6 38.Qe8+ Kd6 39.b4 Qe7 40.Qb8+ Qc7 41.Qf8+ Kc6 42.Qc5+
Kd7 43.Qf8 Kc6 44.Qg8 Qe7 45.Kb1 Kc7 46.Ka2 Bc6 47.Ne2 1/2-1/2

[Event "Preferente Grupo II"]
[Site ""]
[Date "2011.02.12"]
[Round "2.55"]
[White "Argueso Pascual Jorge"]
[Black "Navarro Castan Jesus"]
[Result "0-1"]
[WhiteElo "2000"]
[BlackElo "1925"]

1.d4 Nf6 2.c4 c5 3.d5 b5 4.Qc2 bxc4 5.e4 d6 6.Bxc4 g6 7.Nf3 Bg7 8.O-O O-O 9.h3
Ba6 10.Nbd2 Qc8 11.Rb1 Nbd7 12.b3 Nb6 13.Bb2 Bxc4 14.Nxc4 Qa6 15.Nfd2 Rab8 16.
Bc3 Nxc4 17.Nxc4 e6 18.dxe6 fxe6 19.Rbd1 Rbd8 20.Rfe1 d5 21.exd5 exd5 22.Nd2
d4 23.Ba1 Qd6 24.Qc4+ Qd5 25.Qa6 Rd7 26.Re6 Nh5 27.Rde1 Nf4 28.R6e4 Qg5 29.
Rxf4 Qxf4 30.Nf3 Qd6 31.Qd3 Re7 32.Rc1 Rfe8 33.Kf1 Qe6 34.Bb2 Qe2+ 35.Qxe2
Rxe2 36.Ba3 Rxa2 37.Bxc5 Ree2 38.Bxd4 Bxd4 39.Nxd4 Rxf2+ 40.Ke1 Rxg2 41.Rc8+
Kg7 42.Kf1 Rh2 43.Kg1 Rhd2 44.Ne6+ Kf7 45.Nd8+ Ke7 46.Nc6+ Kd7 0-1

[Event "Preferente Grupo II"]
[Site ""]
[Date "2011.02.12"]
[Round "2.56"]
[White "Lopez Capape Armando"]
[Black "Ruiz Gutierrez Manuel"]
[Result "0-1"]
[WhiteElo "1909"]
[BlackElo "1870"]

1.d4 Nf6 2.Nf3 g6 3.c4 c5 4.Nc3 cxd4 5.Nxd4 Bg7 6.e4 d6 7.Be2 O-O 8.O-O Nc6 9.
Be3 Bd7 10.f3 a6 11.Qd2 Re8 12.Rac1 Rc8 13.Nd5 Nxd5 14.cxd5 Nxd4 15.Bxd4 Bxd4+
16.Qxd4 Rxc1 17.Rxc1 Qa5 18.a3 Rc8 19.Rxc8+ Bxc8 20.Kf2 Bd7 21.f4 f6 22.g4 Bb5
23.Bxb5 Qxb5 24.b4 h6 25.h4 Qd7 26.f5 Qc8 27.Qd3 g5 28.hxg5 hxg5 29.a4 Qc1 30.
b5 a5 31.Ke2 Qf4 32.Qf3 Qh2+ 33.Qf2 Qe5 34.Qe3 Kf7 35.Qd3 Qh2+ 36.Ke3 Qf4+ 37.
Kd4 Qxg4 38.Qd2 Qg1+ 39.Kd3 b6 40.Qe2 Qg3+ 41.Kc2 g4 42.Qd2 Qh3 43.Qf2 g3 44.
Qf3 Qh2+ 45.Kb3 g2 0-1

[Event "Preferente Grupo II"]
[Site ""]
[Date "2011.02.12"]
[Round "2.57"]
[White "De la Riva Fernandez Eduardo"]
[Black "Salamero Pelay Fernando"]
[Result "0-1"]
[WhiteElo "1995"]
[BlackElo "2130"]

1.e4 e6 2.d4 d5 3.Nd2 Nf6 4.e5 Nfd7 5.Bd3 c5 6.c3 Nc6 7.Ne2 cxd4 8.cxd4 f6 9.
exf6 Nxf6 10.Nf3 Bd6 11.Bf4 Qa5+ 12.Kf1 Qc7 13.g3 O-O 14.Rc1 e5 15.dxe5 Bh3+
16.Kg1 Bxe5 17.Rxc6 bxc6 18.Bxe5 Qb6 19.Ng5 Ne4 20.Bd4 Nxg5 21.f4 Nf3+ 22.Kf2
Nxd4 23.Bxh7+ Kxh7 24.Qxd4 Rfe8 25.Qxb6 axb6 26.a3 c5 27.Ng1 Bg4 28.h3 Bd1 29.
Rh2 Re4 30.h4 Bg4 31.h5 d4 32.Rh4 d3 33.h6 gxh6 0-1

[Event "Preferente Grupo II"]
[Site ""]
[Date "2011.02.12"]
[Round "2.58"]
[White "Gella Bitrian Diego"]
[Black "Hernandez Delgado Gabriel"]
[Result "1-0"]
[WhiteElo "1973"]
[BlackElo "1976"]

1.e4 g6 2.d4 Bg7 3.Nf3 d6 4.Nc3 a6 5.a4 b6 6.Bc4 Nf6 7.O-O e6 8.Qe2 Bb7 9.e5
dxe5 10.Nxe5 Nd5 11.Ne4 h6 12.Qf3 O-O 13.Qh3 Ne7 14.Qf3 Qxd4 15.Nf6+ Bxf6 16.
Qxf6 Nbc6 17.Bf4 Qe4 18.Bd3 Nd5 19.Bxe4 Nxf6 20.Bxc6 Bxc6 21.Nxc6 g5 22.Be5
Ne8 23.Bc3 e5 1-0

[Event "Preferente Grupo II"]
[Site ""]
[Date "2011.02.12"]
[Round "2.59"]
[White "Correas Marcen Jose Maria"]
[Black "Bellosta Lopez Pablo"]
[Result "1-0"]
[WhiteElo "1972"]
[BlackElo "1948"]

1.Nf3 d5 2.g3 c6 3.Bg2 Nf6 4.O-O Bf5 5.b3 e6 6.Bb2 Be7 7.Nh4 Bg6 8.Nxg6 hxg6
9.d3 Nbd7 10.Nd2 Qb6 11.a4 a5 12.e4 O-O-O 13.Qe2 Rde8 14.Rfb1 Bc5 15.b4 axb4
16.a5 Qa6 17.e5 Ng8 18.Qf3 Nh6 19.d4 Ba7 20.Bf1 b5 21.axb6 Qxb6 22.Ra6 Qb7 23.
Rba1 Bb8 24.Nb3 Nb6 25.Nc5 Qc7 26.Qb3 Nc4 27.Qxb4 Ng4 28.Ra8 Qb6 29.R1a4 Qb5
30.Bxc4 dxc4 31.Qxb5 cxb5 32.R4a7 Nxh2 33.Na6 Nf3+ 34.Kg2 Ne1+ 35.Kf1 Rh1+ 36.
Ke2 Nxc2 37.Rxb8# 1-0

[Event "Preferente Grupo II"]
[Site ""]
[Date "2011.02.12"]
[Round "2.60"]
[White "Biarge Carnicer Arturo"]
[Black "Cervera Jimenez Javier"]
[Result "1-0"]
[WhiteElo "1911"]
[BlackElo "1901"]

1.e4 Nf6 2.e5 Nd5 3.d4 d6 4.c4 Nb6 5.exd6 cxd6 6.Nf3 Bg4 7.b3 g6 8.Bb2 Bg7 9.
Be2 O-O 10.O-O Nc6 11.Nbd2 a5 12.Qc1 e5 13.d5 Nb4 14.a3 Na6 15.h3 Bxf3 16.Bxf3
f5 17.Bc3 Nc5 18.Be2 Qc7 19.Qb2 Rfc8 20.Rac1 Nbd7 21.Nf3 h6 22.Nh4 Kh7 23.Kh1
Qd8 24.Nf3 Ne4 25.Nd2 Ndc5 26.Nxe4 Nxe4 27.Bd2 Nxd2 28.Qxd2 Qb6 29.Rb1 e4 30.
b4 axb4 31.Qxb4 Qxb4 32.axb4 Ra2 33.Bd1 Rxc4 34.Bb3 Rac2 35.Bxc4 Rxc4 36.Rfc1
Rd4 37.Rd1 Rc4 38.Rdc1 Rd4 39.Rd1 Rc4 40.Rbc1 Rxc1 41.Rxc1 b6 42.b5 Bd4 43.
Rc7+ Kg8 44.Kg1 g5 45.Kf1 Bc5 46.Ke2 f4 47.f3 e3 48.Rd7 Bb4 49.Re7 Bc5 50.Kd3
Bb4 51.Ke2 Bc5 52.Kf1 Bd4 53.Re6 Bc5 54.Rxh6 Kg7 55.Re6 Kf7 56.g3 fxg3 57.Kg2
Bd4 58.Kxg3 Be5+ 59.Kg2 Bf4 60.Kf1 Be5 61.Ke2 Bf4 62.Kd3 Kf8 63.h4 Kf7 64.hxg5
Kg7 65.g6 Kh6 1-0

[Event "Preferente Grupo II"]
[Site ""]
[Date "2011.02.12"]
[Round "2.61"]
[White "Jario Garcia Ricardo Javier"]
[Black "Gimeno Oteo Marco Antonio"]
[Result "1-0"]
[WhiteElo "2130"]
[BlackElo "2152"]

1.e4 e5 2.Nf3 f5 3.Nxe5 Qe7 4.d4 d6 5.Nc4 Qxe4+ 6.Qe2 Nc6 7.Qxe4+ fxe4 8.d5
Nb4 9.Ne3 Nf6 10.Bc4 c6 11.Nc3 a5 12.a3 Na6 13.O-O Bd7 14.Re1 Be7 15.Nf1 Nc7
16.Bg5 cxd5 17.Bb3 Bc6 18.Rad1 O-O-O 19.Ne3 g6 20.Ng4 Nxg4 21.Bxe7 Rd7 22.Bh4
g5 23.Bxg5 Rg8 24.Bh4 Ne5 25.Bg3 h5 26.Nxe4 Nf3+ 27.gxf3 h4 28.Nf6 hxg3 29.
fxg3 Rgg7 30.Nxd7 Kxd7 31.c3 d4 32.Rxd4 Bxf3 33.Rf4 Bh5 34.Bd1 Be8 35.Bg4+ Kc6
36.Bf3+ Kb6 37.Kf2 Bb5 38.h4 1-0

[Event "Preferente Grupo II"]
[Site ""]
[Date "2011.02.12"]
[Round "2.62"]
[White "Cebrian Valverde Jose Antonio"]
[Black "Portero Garnica Miguel Angel"]
[Result "0-1"]
[WhiteElo "2138"]
[BlackElo "2112"]

1.Nf3 Nf6 2.d4 d5 3.c4 e6 4.Bg5 Be7 5.e3 O-O 6.Nc3 h6 7.Bh4 Ne4 8.Bxe7 Qxe7 9.
cxd5 Nxc3 10.bxc3 exd5 11.Qb3 c6 12.Bd3 Nd7 13.O-O Nf6 14.Rab1 Rb8 15.Ne5 Be6
16.Rb2 Rfc8 17.Rfb1 Qc7 18.Qa3 b6 19.c4 dxc4 20.Bxc4 Bxc4 21.Nxc4 c5 22.dxc5
Qxc5 23.Rc2 Qxa3 24.Nxa3 Rxc2 25.Nxc2 Rc8 26.Nd4 Rc3 27.Nb5 Rc2 28.Nxa7 Rxa2
29.Nc8 b5 30.h3 Ne4 31.Rxb5 Nxf2 32.Nd6 Nd1 33.Re5 Re2 34.Nf5 Re1+ 35.Kh2 g6
36.Nxh6+ Kg7 37.Ng4 f5 38.h4 fxg4 39.h5 Nxe3 40.Rg5 Nf1+ 41.Kg1 g3 42.Rxg6+
Kh7 0-1